000 00449nam a2200157Ia 4500
999 _c11561
_d11561
003 OSt
005 20201117132641.0
008 190216s9999||||xx |||||||||||||| ||und||
040 _coclc
082 _a891.4
_bTAG/P
100 1 _aTagore, Rabindranath
_938
_d1861-1941
245 0 _aPersonality /
_cRabindranath Tagore
260 _bMacmillan,
_aLondon:
_c1965.
300 _a184p
942 _cBK
_2ddc
_h891.4
_iTAG/P
_k891.4
_mTAG/P